[Event "Michigan Class D/E"]
[Site "Auburn Hills, MI"]
[Date "2003.04.26"]
[Round "1.1"]
[White "Bezrutch, Brian"]
[Black "Osebold, James"]
[Result "1-0"]
[WhiteElo "1294"]
[BlackElo "1391"]
[Annotator "Tim McGrew"]
[PlyCount "71"]
[EventDate "2003.04.26"]

{Spanish: Steinitz} 1. e4 e5 2. Nf3 Nc6 3. Bb5 d6 {The Old Steinitz Defense,
rarely seen in master play these days because White can obtain a small but
clear advantage with an immediate thrust in the center.} 4. c3 {This is a
rathe r modest way to react to Black's passive setup. Now both players engage
in some heavyweight maneuvering, neither player making much attempt to stir up
trouble in the center.} (4. d4 $1 {is a bit more to the point:} exd4 5. Nxd4
Bd7 6. Bxc6 bxc6 7. O-O $14) 4... Bd7 (4... f5 $5 {looks like fun to me, in
the spirit of the Siesta Variation.}) 5. O-O Nf6 6. d3 Be7 7. Bg5 O-O 8. Bxf6 (
{It is not clear why White makes this exchange unprovoked. If the point was to
prepare d4 by easing pressure on the White e-pawn, then} 8. Re1 {looks more
natural.}) 8... Bxf6 9. Nbd2 Ne7 10. Ba4 Ng6 11. Bc2 Bg4 12. Qe1 Bg5 {Black's
pieces are coming over to the king-side nicely. White is not lost, but he is
in a certain amount of trouble.} 13. Nxg5 ({Perhaps it's time to kick back in
the center with} 13. d4 {although Black does retain some attacking chances with
} Nf4 14. -- {and} Qf6) 13... Qxg5 14. f3 Bh3 15. Rf2 Nh4 16. Qe2 Rae8 17. Nf1
Ng6 18. Ng3 Nf4 19. Qd2 Qh4 $2 {Trying too hard to force things, Black
overreaches.} (19... Bd7 {leaves Black in an enviable position with a
dominating knight at f4.}) 20. Ne2 (20. gxh3 $1 Nxh3+ 21. Kg2 Nxf2 22. Qxf2 {
leaves White slightly better off, though it's still anyone's game.}) 20... Bxg2
$2 21. Nxf4 $1 {White captures the other way and suddenly Black is a piece
down.} exf4 22. Rxg2 Re6 23. Rg4 Qh3 24. Qxf4 Qh5 25. Qg5 $1 {Sensible
strategy: White exchanges queens before anything unpleasant can happen on open
g-file.} Qxg5 26. Rxg5 h6 27. Rg2 f5 $4 {Black is trying desperately to open
lines, and he succeeds -- but they are not the lines he wanted to open.} 28.
Bb3 $1 Rff6 29. Bxe6+ $6 {This is adequate, but Black misses a little finesse.}
(29. exf5 $1 {wins a whole rook and not just the exchange.}) 29... Rxe6 30. Kf2
f4 31. Rg4 g5 32. Rag1 Kh7 33. h4 $1 {Of course: the file must be opened.} gxh4
34. Rg7+ Kh8 35. Rg8+ Kh7 36. R1g7# 1-0

[Event "Michigan Class B"]
[Site "Auburn Hills, MI"]
[Date "2003.04.26"]
[Round "1.7"]
[White "Beane, Joe"]
[Black "Moore, Robert"]
[Result "0-1"]
[WhiteElo "1683"]
[BlackElo "1601"]
[PlyCount "86"]
[EventDate "2003.04.26"]

1. e4 c5 2. c3 Nc6 3. Nf3 d6 4. Be2 Nf6 5. Qc2 e5 6. d3 Be7 7. Nbd2 O-O 8. Nf1
h6 9. Ng3 Qc7 10. Bd2 Be6 11. Rd1 Qb6 12. Qc1 Rac8 13. O-O Rfd8 14. h3 d5 15.
b3 d4 16. c4 Qc7 17. Ne1 Bf8 18. Nc2 Qd7 19. Kh2 a5 20. f4 exf4 21. Bxf4 Bd6
22. Bxh6 Nh7 23. Bf4 Ne5 24. Na3 f6 25. Nb5 Bb8 26. Rf2 Nf8 27. Rdf1 Nfg6 28.
Bd2 Qe7 29. Bxa5 Rf8 30. Kg1 Nc6 31. Nf5 Bxf5 32. exf5 Qe5 33. g4 Nh4 34. Bc7
Bxc7 35. Nxc7 Rxc7 36. Kh1 Re7 37. g5 Qg3 38. g6 Re3 39. Bg4 Ne5 40. Qd1 Rxd3
41. Qe2 Re3 42. Qd2 Nxg4 43. hxg4 Qh3+ 0-1

[Event "Michigan Class C"]
[Site "Auburn Hills, MI"]
[Date "2003.04.26"]
[Round "2.4"]
[White "Almasy, Roy"]
[Black "Haney, Mark"]
[Result "0-1"]
[WhiteElo "1429"]
[BlackElo "1514"]
[PlyCount "58"]
[EventDate "2003.04.26"]

1. e4 e5 2. Nf3 Nc6 3. Bb5 a6 4. Bxc6 dxc6 5. O-O Qd6 6. d3 Bg4 7. Nbd2 b5 8.
h3 Bh5 9. b3 f6 10. a4 Be7 11. g4 Bf7 12. Re1 h5 13. Nf1 hxg4 14. hxg4 Be6 15.
Ne3 Nh6 16. Nh4 Qd7 17. Nef5 Nxf5 18. Nxf5 Bb4 19. Bd2 Bxd2 20. Qxd2 g6 21. Ng3
Bxg4 22. Qe3 Qh7 23. Qc5 Qh2+ 24. Kf1 Qh3+ 25. Kg1 Bf3 26. Qxc6+ Kf7 27. Qxc7+
Kg8 28. Qg7+ Kxg7 29. Nf5+ gxf5 0-1

[Event "Michigan Novice"]
[Site "Auburn Hills, MI"]
[Date "2003.04.26"]
[Round "2.1"]
[White "Almasy, Dale"]
[Black "McShan, Kwame"]
[Result "0-1"]
[WhiteElo "924"]
[BlackElo "996"]
[PlyCount "87"]
[EventDate "2003.04.26"]

1. e4 e6 2. Bc4 d5 3. exd5 exd5 4. Qe2+ Be6 5. Bb3 Nf6 6. Nc3 Be7 7. d4 O-O 8.
Nf3 Nbd7 9. O-O c6 10. Bg5 Bf5 11. Rfe1 Ne4 12. Bxe7 Qxe7 13. Rad1 Ndf6 14. Na4
b6 15. Ne5 Qc7 16. c4 Rae8 17. g4 Bg6 18. cxd5 cxd5 19. Nxg6 fxg6 20. g5 Nxg5
21. Qd2 Nf3+ 22. Kf1 Nxd2+ 23. Rxd2 Rxe1+ 24. Kxe1 Re8+ 25. Kd1 Kh8 26. Nc3
Qxh2 27. Ba4 Rf8 28. Bb5 Ng4 29. f3 Qh1+ 30. Ke2 Qxf3+ 31. Ke1 Qh1+ 32. Ke2
Rf2+ 33. Kd3 Rxd2+ 34. Kxd2 Qh2+ 35. Ne2 Nf6 36. b4 Ne4+ 37. Ke1 Qh1+ 38. Ng1
Qxg1+ 39. Bf1 Qf2+ 40. Kd1 Qxf1+ 41. Kc2 Qc4+ 42. Kb2 Qxd4+ 43. Kb1 Nc3+ 44.
Ka1 {Remainder illegible, 51?} 0-1

[Event "Michigan Class C"]
[Site "Auburn Hills, MI"]
[Date "2003.04.26"]
[Round "2.2"]
[White "Aldrich, Justin"]
[Black "Kelly, James"]
[Result "1-0"]
[WhiteElo "1558"]
[BlackElo "1481"]
[Annotator "Tim McGrew"]
[PlyCount "89"]
[EventDate "2003.04.26"]

{Sicilian: Rossolimo} 1. e4 c5 2. Nf3 Nc6 3. Bb5 Qc7 4. O-O e6 5. c3 a6 6. Bxc6
Qxc6 7. Re1 Ne7 8. d4 {At the cost of the bishop pair, which is not very
useful to Black just now anyway, White has established a strong center. But
now what?} cxd4 9. cxd4 d5 10. Ne5 $1 Qc7 11. Qh5 $1 Ng6 $2 {An unfortunate
decision. Black must defend f7, but the queen alone does this job well enough
and on g6 the knight is not well placed.} (11... Nc6 {is a better defense,
although} 12. exd5 Nxd4 13. Bf4 Bd6 14. Nc3 O-O 15. Rac1 $1 {leaves White with
the superior position.}) 12. Nxg6 $6 {It is hard to resist the crippling of
Black's king-side pawns. But it is even more important to open the central
lines while Black's king is uncastled.} (12. exd5 $1 {hits the nail squarely.
Now} Nxe5 13. dxe5 exd5 {permits the devastating thrust} 14. e6 $1 {when
Black's King is punted out into the open:} g6 15. exf7+ Kxf7 16. Qxd5+ Kg7 17.
b3 {and there is no good answer to the coming Bb2+.}) 12... fxg6 13. Qf3 Bb4
14. Bd2 (14. Nc3 {is even more natural.}) 14... Rf8 15. Qe2 (15. Qh3 $5 {hits
the weakling at h7, insignificant in itself but important because it is the
only defender of g6, which Black cannot allow to fall.}) 15... Bxd2 16. Qxd2
Kf7 17. exd5 exd5 18. Nc3 Rd8 19. Rac1 Qd6 20. Qg5 (20. Re5 $1 {is punishing.
Black cannot dislodge the rook with a minor piece, and after the obligatory}
Be6 {White can create tremendous pressure with} 21. Rce1 Re8 22. Qe3 {when 23.
Nxd5 is threatened.}) 20... Be6 21. Re5 Kg8 22. Rce1 Bf7 23. Re7 Rd7 $1 24.
Rxd7 Qxd7 25. Re7 Qc6 $6 {Up to this point Black has defended sensibly, trying
hard to swap off White's most annoying piece. But here he falters and leaves
White in command of the key squares.} (25... Re8 $1 {would relieve some of the
pressure thanks to the mate threat at e1.}) 26. Qf4 Rf8 27. h3 {A very useful
precaution.} b5 28. Qe5 b4 29. Ne2 Re8 $2 {This is a serious strategic error,
trading down under the wrong circumstances. Black's pawns are too weak for him
to survive the ending with an enfeebled bishop against an agile knight.} 30.
Rxe8+ Qxe8 31. Qxe8+ Bxe8 32. Nf4 Bc6 33. Nd3 Bb5 (33... a5 {was forced,
though Black's pawns look very difficult to defend.}) 34. Nxb4 a5 35. Nxd5 Bc4
36. Nc3 Kf7 37. f3 Ke6 38. Kf2 h6 39. Ke3 Bf1 40. Kf2 Ba6 41. g3 h5 42. Ke3 g5
43. Ne4 Kf5 44. g4+ hxg4 45. hxg4+ 1-0

[Event "Michigan Class A"]
[Site "Auburn Hills, MI"]
[Date "2003.04.26"]
[Round "1.2"]
[White "Aldrich, Jeff"]
[Black "Skidmore, Jennifer"]
[Result "1-0"]
[WhiteElo "1915"]
[BlackElo "1865"]
[Annotator "Tim McGrew"]
[PlyCount "83"]
[EventDate "2003.04.26"]

{Dutch: Queen's Knight} 1. d4 d5 2. c4 e6 3. Nc3 c6 4. Nf3 f5 5. Bf4 Nf6 6. e3
Be7 7. Qc2 Nbd7 8. Bd3 Ne4 9. cxd5 exd5 10. Nxd5 $2 {A miscalculation. White
has seen a queen trap but has missed a check.} cxd5 11. O-O {Probably played
with a shake of the head.} (11. Bc7 {"wins" the queen, but} Bb4+ $1 {frees
squares for her to run away.}) 11... Qb6 12. Rac1 O-O 13. Bc7 Qe6 14. Ne1 Ndf6
15. f3 Nd6 16. Qe2 Bd7 17. g3 Rac8 18. Ng2 g5 $6 {There's the "suicide move" 
(Tarrasch) again! The positional motivation is clear (let's keep a knight out
of f4), but the weakness of the king's castle is permanent.} 19. Bxd6 Bxd6 (
19... Rxc1 {gets one more piece off the board, reducing the odds that White
can mount a successful king-side assault. Black can challenge White's control
of the c-file later with ...Rc8.}) 20. Rce1 h6 21. a3 Nh5 $6 {The knight is
undefended on a "hot" diagonal. This causes some trouble in a few moves.} 22.
Qd1 Bb8 23. b3 Qd6 24. e4 fxe4 25. fxe4 {Now Black wishes that knight were not
so exposed!} Ng7 26. e5 {Of course Black is still winning, but White has some
trumps in this position. Notice that the bishop on b8 is locked out of the
game altogether. This is an indication that White must strike quickly, for
better or worse, before Black brings that buried piece back into play on a7 or
b6.} Qxa3 27. Ne3 Qe7 $2 {Black cracks. It was imperative to defend the d-pawn.
} ({The right move is} 27... Be6 $1 28. Rf6 $1 Qb2 $1 29. Rxh6 Qf2+ $1 30. Kh1
Qf3+ 31. Qxf3 Rxf3 32. Kg2 g4 {and Black is winning after all.}) 28. Nxd5 $1 {
Now the tide has turned; suddenly White has a tremendous attack on the weak
light squares.} Qd8 29. Rxf8+ Kxf8 30. Rf1+ Kg8 31. Qf3 Be6 32. Nf6+ Kh8 33.
Qe4 Nf5 34. d5 (34. Rxf5 Bxf5 35. Qxf5 {is very convincing, e.g.} Rc7 36. Qg6
Qf8 37. d5 {and the pawns come rolling down.}) 34... Qb6+ 35. Kh1 Qe3 36. dxe6
Qxe4+ 37. Bxe4 Ne7 38. Nd7 Bc7 39. Rf7 Nc6 40. Rh7+ (40. Nf6 {is one move
quicker, but if you see a mate, play it!}) 40... Kg8 41. Nf6+ Kf8 42. Rf7# {A
real roller-coaster ride!} 1-0

[Event "Michigan Class A"]
[Site "Auburn Hills, MI"]
[Date "2003.04.26"]
[Round "3.1"]
[White "Aldrich, Jeff"]
[Black "Gendras, Gerard"]
[Result "0-1"]
[WhiteElo "1915"]
[BlackElo "1890"]
[PlyCount "74"]
[EventDate "2003.04.26"]

1. d4 Nf6 2. c4 c5 3. d5 b5 4. cxb5 a6 5. bxa6 Bxa6 6. Nc3 g6 7. g3 Bg7 8. Bg2
d6 9. Nf3 O-O 10. O-O Nbd7 11. Re1 Ng4 12. Qc2 h6 13. a4 Qc7 14. Rb1 Rfb8 15.
Nb5 Bxb5 16. axb5 Rxb5 17. b4 Qb7 18. Bd2 cxb4 19. h3 b3 20. Qc6 Nge5 21. Qxb7
Rxb7 22. Nd4 Nc5 23. Nc6 Nc4 24. Bb4 b2 25. Bxc5 dxc5 26. d6 Nxd6 27. Nxe7+ Kf8
28. Bxb7 Nxb7 29. Nd5 Nd6 30. e4 Ra1 31. Ne3 Rxb1 32. Rxb1 c4 33. Kf1 c3 34.
Ke2 Nxe4 35. Kd3 Nd2 36. Kc2 Nxb1 37. Kxb1 Bd4 0-1

[Event "Michigan Class D/E"]
[Site "Auburn Hills, MI"]
[Date "2003.04.26"]
[Round "2.9"]
[White "Aguilar, Javier"]
[Black "Kahn, James"]
[Result "1-0"]
[WhiteElo "1292"]
[BlackElo "1289"]
[PlyCount "63"]
[EventDate "2003.04.26"]

1. d4 Nf6 2. c4 g6 3. Nc3 d5 4. e3 Bg7 5. Nf3 Bg4 6. Be2 dxc4 7. Qa4+ Nbd7 8.
Qxc4 O-O 9. O-O c6 10. Rd1 Qc7 11. Bd2 Nb6 12. Qb3 Rad8 13. Rac1 Nbd5 14. Nxd5
Rxd5 15. Rc5 Rfd8 16. Rdc1 Ne4 17. Rxd5 Rxd5 18. Qxd5 Nxd2 19. Qg5 Nxf3+ 20.
Bxf3 Bxf3 21. gxf3 f6 22. Qc5 Qb6 23. Qxb6 axb6 24. Rc3 c5 25. dxc5 f5 26. Rb3
bxc5 27. Rxb7 e5 28. b3 h5 29. a4 e4 30. fxe4 Bc3 31. exf5 gxf5 32. Kg2 1-0

[Event "Michigan Class A"]
[Site "Auburn Hills, MI"]
[Date "2003.04.27"]
[Round "4.5"]
[White "Zubatch, Steve"]
[Black "Skidmore, Mike"]
[Result "1-0"]
[WhiteElo "1821"]
[BlackElo "1833"]
[PlyCount "81"]
[EventDate "2003.04.26"]

1. e4 c6 2. d4 d5 3. e5 Bf5 4. Bd3 Bxd3 5. Qxd3 e6 6. Ne2 Ne7 7. Ng3 c5 8. c3
cxd4 9. cxd4 Nec6 10. O-O Be7 11. a3 Nd7 12. Nc3 a6 13. Nce2 Qb6 14. Rb1 O-O
15. Kh1 f6 16. f4 fxe5 17. fxe5 Rxf1+ 18. Nxf1 Rf8 19. Nd2 Bg5 20. Nf3 Bxc1 21.
Rxc1 h6 22. b4 Ne7 23. Ng3 Nb8 24. h3 Nbc6 25. Kh2 Rf4 26. Rc5 Na7 27. Ne2 Rf8
28. g3 Nac6 29. Nf4 Nf5 30. Kg2 Nd8 31. Ng6 Rf7 32. g4 Ne7 33. Nxe7+ Rxe7 34.
Qg6 Nc6 35. g5 a5 36. b5 Nd8 37. gxh6 Kh8 38. h7 Nf7 39. Rc8+ Nd8 40. a4 Rf7
41. Qxf7 1-0

[Event "Michigan Class B"]
[Site "Auburn Hills, MI"]
[Date "2003.04.27"]
[Round "5.3"]
[White "Wood, Jack"]
[Black "Gregory, Kevin"]
[Result "0-1"]
[WhiteElo "1647"]
[BlackElo "1714"]
[PlyCount "60"]
[EventDate "2003.04.26"]

1. e4 c5 2. Nf3 d6 3. Bb5+ Bd7 4. Bxd7+ Qxd7 5. O-O Nc6 6. c3 Nf6 7. Re1 e6 8.
d4 Be7 9. Nbd2 cxd4 10. cxd4 O-O 11. Nf1 Rac8 12. Bd2 d5 13. e5 Ne8 14. Ng3 Bb4
15. a3 Bxd2 16. Qxd2 f6 17. h4 fxe5 18. Nxe5 Nxe5 19. Rxe5 Qf7 20. Rf1 Qf4 21.
Qd3 Qxh4 22. Rh5 Qf6 23. Qxh7+ Kf7 24. Rh4 Nd6 25. Nh5 Qxh4 26. Qxg7+ Ke8 27.
Qg6+ Ke7 28. g3 Qxd4 29. Qg5+ Kd7 30. Nf4 Qf6 0-1

[Event "Michigan Class B"]
[Site "Auburn Hills, MI"]
[Date "2003.04.27"]
[Round "4.5"]
[White "Wood, Jack"]
[Black "Beane, Joe"]
[Result "1-0"]
[WhiteElo "1647"]
[BlackElo "1683"]
[PlyCount "71"]
[EventDate "2003.04.26"]

1. e4 e6 2. d3 d6 3. Nf3 c6 4. Be2 e5 5. c3 Be7 6. d4 Qc7 7. O-O Nd7 8. Nbd2
Ngf6 9. Re1 Nf8 10. Qc2 Ng6 11. Nf1 Bd7 12. a4 O-O 13. h3 Qc8 14. Ng3 Re8 15.
Nf5 Bf8 16. Ng3 h6 17. Be3 Be6 18. Red1 Qc7 19. b4 Rec8 20. c4 Qe7 21. dxe5
dxe5 22. c5 a6 23. Bc4 Nf4 24. Bxf4 exf4 25. Nf5 Bxf5 26. exf5 Qc7 27. Bxf7+
Qxf7 28. Ne5 Qh5 29. Qc4+ Nd5 30. Rxd5 cxd5 31. Qxd5+ Kh7 32. Qe4 Rd8 33. f6+
Kg8 34. f7+ Kh8 35. Ng6+ Qxg6 36. Qxg6 1-0

[Event "Michigan Class C"]
[Site "Auburn Hills, MI"]
[Date "2003.04.27"]
[Round "5.1"]
[White "Williams, Marcus"]
[Black "Grzegorczyk, Ron"]
[Result "1-0"]
[WhiteElo "1401"]
[BlackElo "1590"]
[PlyCount "97"]
[EventDate "2003.04.26"]

1. d4 d5 2. e3 e6 3. Bd3 Nf6 4. Nf3 a6 5. Nbd2 b5 6. O-O c5 7. c3 c4 8. Bc2 Bb7
9. Qe2 Ne4 10. Ne5 Nd7 11. Nxd7 Qxd7 12. f4 f5 13. Nf3 Bd6 14. Ne5 Bxe5 15.
dxe5 g6 16. Bd2 Qg7 17. Bxe4 fxe4 18. Be1 O-O-O 19. Bh4 Rdf8 20. Bf6 Rxf6 21.
exf6 Qxf6 22. Qd1 Kc7 23. a4 Bc6 24. axb5 Bxb5 25. Qd4 Qxd4 26. exd4 Kd6 27.
Kf2 Rf8 28. Ke3 Ke7 29. Rf2 Rg8 30. Raf1 Rf8 31. g4 Bd7 32. h4 Rf7 33. Ra1 Bb5
34. Ra3 Rf8 35. b3 Kd6 36. bxc4 Bxc4 37. Rb2 Kc6 38. Ra5 Bb5 39. Rf2 Kb6 40.
Ra1 Kc6 41. Rh1 Kd6 42. h5 Rc8 43. Rc2 Bd3 44. Rcc1 g5 45. fxg5 Rf8 46. Rh2
Rf3+ 47. Kd2 Rg3 48. g6 hxg6 49. h6 1-0

[Event "Michigan Class D/E"]
[Site "Auburn Hills, MI"]
[Date "2003.04.27"]
[Round "5.3"]
[White "Whatling, David"]
[Black "Sanders, Travis"]
[Result "1-0"]
[WhiteElo "1336"]
[BlackElo "1367"]
[Annotator "Tim McGrew"]
[PlyCount "49"]
[EventDate "2003.04.26"]

{King's Gambit Accepted: Cunningham} 1. e4 e5 2. f4 exf4 3. Nf3 Be7 4. Bc4 $1
Bh4+ 5. Kf1 {The theoretically approved move and the chief reason that 4.Bc4!
is superior to 4.Nc3 or 4.d4, which would otherwise be sensible developing
moves.} ({Still, I've always wanted to see someone try the old line} 5. g3 $5
fxg3 6. O-O gxh2+ 7. Kh1 {Yes, it's true that White's entire king-side is gone,
but the Black pawn on h2 provides White (!) with some shelter, and it is
perhaps not so easy as it looks to find good move for Black here.}) 5... d6 6.
d4 Bg4 7. Bxf4 Bf6 8. c3 Nd7 9. h3 Bxf3 10. Qxf3 c6 11. Bxd6 $6 {White can be
pardoned for this bit of gluttony, but it presents Black with an opportunity
which he overlooks.} b5 $2 {This weakens c6 and does nothing to address the
threat of e5.} ({Both of White' s bishops are undefended and exposed, and the
one on d6 is on a "hot" file. Black can hit them both with} 11... Nb6 $5 {when
White has to try to mix things up with something like} 12. Bxf7+ Kxf7 13. e5 {
with a total mess.}) 12. Bb3 {Now the threat of 13.e5 dictates the course of
events.} Nh6 13. g4 (13. e5 $1 Be7 14. Bxe7 Qxe7 15. Qxc6 {is crushing.}) 13...
Nb8 {Forcing White to play what he ought to play anyway.} 14. e5 Bg5 {#} 15.
Na3 ({Do you see how} 15. h4 {wins? No? Then consider what happens when
everything comes off in just the right order:} Bxh4 16. Bxb8 $1 Rxb8 17. Qxc6+
$1 Kf8 18. Rxh4 $1 {and there is a fork at d6 if Black's queen leaves her post.
}) 15... a5 16. Nxb5 {Oops.} cxb5 17. Qxa8 Nd7 18. Qc6 Qb6 19. Qd5 Bh4 20. e6 {
I like this push, opening more space around the Black king.} f6 21. exd7+ Kd8
22. Qa8+ Qb8 23. Qxb8+ Kxd7 24. Qc7+ Ke8 25. Qe7# 1-0

[Event "Michigan Class B"]
[Site "Auburn Hills, MI"]
[Date "2003.04.27"]
[Round "4.2"]
[White "West, Tony"]
[Black "Matias, I.C."]
[Result "0-1"]
[WhiteElo "1779"]
[BlackElo "1742"]
[PlyCount "80"]
[EventDate "2003.04.26"]

1. e4 c6 2. d4 d5 3. Nc3 dxe4 4. Nxe4 Bf5 5. Ng3 Bg6 6. Nf3 Nd7 7. h4 h6 8. h5
Bh7 9. Bd3 Bxd3 10. Qxd3 e6 11. Bf4 Ngf6 12. O-O-O Nd5 13. Bd2 Bd6 14. Ne4 Bc7
15. g3 Qe7 16. Qb3 b5 17. Nh4 O-O 18. f4 N7f6 19. Qf3 Bb6 20. c3 Rac8 21. g4
Nxe4 22. Qxe4 c5 23. Kb1 cxd4 24. cxd4 Rc4 25. Nf3 Nf6 26. Qe2 Nxg4 27. Rdg1 f5
28. Ne5 Nxe5 29. fxe5 Bxd4 30. Rg6 f4 31. Qg4 Qf7 32. b3 Rc6 33. Bb4 Qf5+ 34.
Qxf5 Rxf5 35. Bd6 f3 36. Rxe6 f2 37. Re8+ Kh7 38. Rf1 Rg5 39. Rf8 Rg1 40. R8xf2
Bxf2 0-1

[Event "Michigan Class D/E"]
[Site "Auburn Hills, MI"]
[Date "2003.04.27"]
[Round "4.9"]
[White "Vasos, John"]
[Black "Thach, Scott"]
[Result "0-1"]
[WhiteElo "1200"]
[BlackElo "1381"]
[Annotator "Tim McGrew"]
[PlyCount "18"]
[EventDate "2003.04.26"]

{Irregular King's Pawn: Owen A perplexing miniature} 1. e4 e6 2. d4 b6 $5 3.
Nc3 Bb7 $5 {Black is trying to confuse his opponent.} 4. Bc4 $6 ({And it
works! Better is} 4. Bd3 {giving the e-pawn a little more protection.}) 4...
Bb4 {Black consistently plays for pressure against e4.} 5. Qd3 Qh4 $1 {# Now
White realizes what is happening, but f3 is illegal. There is no good way for
White to hang onto his e-pawn.} 6. Bd2 Bxc3 7. Nf3 $2 {Mistimed: White assumes
that Black must move the queen, but it isn't so.} (7. Qxc3 $5 {might have
provoked} Qxe4+ 8. Ne2 Qxg2 9. Rg1 {when White isn't so badly off, e.g.} Qxh2
10. Bf4 Qh4 11. Rxg7 {and White's active pieces help to offset Black's extra
pawns.}) 7... Bxd2+ 8. Qxd2 Qxe4+ 9. Be2 Ba6 0-1

[Event "Michigan Class A"]
[Site "Auburn Hills, MI"]
[Date "2003.04.27"]
[Round "4.4"]
[White "Vandivier, Don"]
[Black "Kriseler, Mark"]
[Result "0-1"]
[WhiteElo "1892"]
[BlackElo "1914"]
[PlyCount "142"]
[EventDate "2003.04.26"]

1. e4 e6 2. d4 b6 3. Nf3 Bb7 4. Bd3 Nf6 5. e5 Ng8 6. a3 Nc6 7. c4 Qe7 8. O-O
O-O-O 9. Nc3 g5 10. Bxg5 f6 11. exf6 Nxf6 12. d5 Nb8 13. Re1 Rg8 14. Nb5 Na6
15. Nxa7+ Kb8 16. Nb5 Qg7 17. Bf1 Be7 18. Nc3 Nxd5 19. cxd5 Bxg5 20. dxe6 dxe6
21. Qe2 Bd2 22. Red1 Bxc3 23. Rxd8+ Rxd8 24. bxc3 Qxc3 25. Rd1 Rxd1 26. Qxd1
Bxf3 27. gxf3 Nc5 28. Bb5 Qb3 29. Qd8+ Kb7 30. a4 Qxf3 31. Bf1 Qd5 32. Qh4 Qd7
33. h3 e5 34. Bb5 Qd1+ 35. Kg2 Qc2 36. Qf6 Qg6+ 37. Qxg6 hxg6 38. Be8 Nd3 39.
Kf3 g5 40. Ke3 Nf4 41. Bd7 Nh5 42. Kd3 Nf6 43. Bf5 Ka6 44. Kc4 Ka5 45. Bc2 c6
46. Kc3 Nd5+ 47. Kc4 Nf6 48. Kc3 Nd7 49. Be4 c5 50. Kc4 Nf6 51. Bc6 e4 52. Kc3
Nh5 53. Bxe4 Kxa4 54. Kc4 Nf4 55. Bc6+ Ka3 56. Bd7 Kb2 57. Bf5 Kc1 58. Kb5 Kd2
59. Kxb6 c4 60. Kc5 c3 61. Kd4 Nxh3 62. f3 Ng1 63. Bb1 Nxf3+ 64. Ke4 Ke2 65.
Kf5 Ke3 66. Kg4 Nd2 67. Bc2 Nf3 68. Ba4 Ke4 69. Bc2+ Ke3 70. Ba4 Ne5+ 71. Kxg5
Nd3 0-1

[Event "Michigan Class D/E"]
[Site "Auburn Hills, MI"]
[Date "2003.04.27"]
[Round "5.7"]
[White "Thach, Scott"]
[Black "Zaremba, Anatoli"]
[Result "1-0"]
[WhiteElo "1381"]
[BlackElo "1195"]
[PlyCount "59"]
[EventDate "2003.04.26"]

1. e4 c5 2. Nf3 d6 3. c3 Nf6 4. d3 e5 5. Be2 Be7 6. O-O O-O 7. Qc2 Nc6 8. h3
Be6 9. Be3 Nd7 10. Nbd2 f5 11. exf5 Bxf5 12. Ne4 Nb6 13. Ng3 Bg6 14. Nd2 Nd5
15. Qb3 Bf7 16. Qd1 Bh4 17. Nf5 Nxe3 18. Nxe3 Bg5 19. Bf3 Bxe3 20. fxe3 Qg5 21.
Qe2 Qe7 22. Rf2 Be6 23. Raf1 Bd7 24. a3 Rf7 25. d4 cxd4 26. exd4 d5 27. dxe5
Nxe5 28. Re1 Rxf3 29. Nxf3 Nxf3+ 30. Qxf3 1-0

[Event "Michigan Novice"]
[Site "Auburn Hills, MI"]
[Date "2003.04.27"]
[Round "4.1"]
[White "Stapel, Scott"]
[Black "McShan, Kwame"]
[Result "1/2-1/2"]
[WhiteElo "987"]
[BlackElo "996"]
[PlyCount "98"]
[EventDate "2003.04.26"]

1. e4 e6 2. d4 d5 3. e5 c5 4. Nf3 Qb6 5. c3 Bd7 6. Be2 cxd4 7. cxd4 Bb5 8. O-O
Bxe2 9. Qxe2 Nc6 10. Be3 Nge7 11. Rd1 Nf5 12. a3 Be7 13. Nc3 Nxe3 14. fxe3 O-O
15. Rf1 Rac8 16. b4 Qc7 17. Nb5 Qb8 18. e4 a6 19. Nd6 Rcd8 20. exd5 exd5 21.
Nf5 Qc8 22. Qd3 g6 23. Nxe7+ Nxe7 24. Rac1 Qd7 25. Rce1 Qf5 26. Qe3 Qe6 27. Qh6
Nf5 28. Qf4 h6 29. g4 g5 30. gxf5 gxf4 31. fxe6 fxe6 32. Nh4 Kh7 33. Rf3 Rc8
34. Ng2 Rc4 35. Nxf4 Rxd4 36. Nxe6 Rg4+ 37. Rg3 Rxg3+ 38. hxg3 Rf3 39. Rf1
Rxg3+ 40. Kh2 Rxa3 41. Rf7+ Kg6 42. Rf6+ Kh7 43. Kg2 Rb3 44. Rf4 Re3 45. Nf8+
Kg7 46. e6 Re4 47. Rf7+ Kg8 48. Kf3 Rxb4 49. Ng6 Re4 1/2-1/2